[Event "TUR-chT 2nd League"]
[Site "Konya"]
[Date "2017.07.20"]
[Round "5.10"]
[White "Bulbul, Huseyin Doruk"]
[Black "Mut, Emir"]
[Result "0-1"]
[WhiteElo "1255"]
[BlackElo "1461"]
[PlyCount "106"]
[EventDate "2017.07.17"]
[EventType "team-swiss"]
[EventRounds "9"]
[EventCountry "TUR"]
[SourceTitle "CBM 179 Extra"]
[Source "ChessBase"]
[SourceDate "2017.08.23"]
[SourceVersion "1"]
[SourceVersionDate "2017.08.23"]
[SourceQuality "1"]
[WhiteTeam "Burdur Serenler"]
[BlackTeam "Mersin Zeka"]
[WhiteTeamCountry "TUR"]
[BlackTeamCountry "TUR"]

1. e4 c6 2. d4 d5 3. Nc3 dxe4 4. Nxe4 Nf6 5. Nxf6+ gxf6 6. Bf4 Bf5 7. Nf3 e6 8. Bd3 Bg6 9. Qd2 Bd6 10. 0-0-0 Qc7 11. Bg3 Nd7 12. Rhe1 0-0-0 13. c4 Kb8 14. Bxd6 Qxd6 15. Bxg6 hxg6 16. c5 Qc7 17. Qc3 g5 18. h3 g4 19. hxg4 Qf4+ 20. Qe3 Qxg4 21. g3 Qh5 22. Qf4+ Kc8 23. Rh1 Qd5 24. b3 Rdg8 25. Rxh8 Rxh8 26. Qe3 Qh5 27. Nd2 b5 28. Ne4 Kd8 29. Nd6 Ke7 30. Re1 Qg5 31. f4 Qg6 32. Qe2 Qh5 33. g4 Qd5 34. Qd2 Qf3 35. Kb2 Qxg4 36. f5 Rh4 37. fxe6 fxe6 38. Ka1 Kf8 39. Rd1 Qf4 40. Qd3 Qg4 41. Re1 Qxd4+ 42. Qxd4 Rxd4 43. Rxe6 Nxc5 44. Rxf6+ Kg8 45. Nf5 Rd1+ 46. Kb2 b4 47. Rxc6 Nd3+ 48. Kc2 Nf2 49. Ne3 Rd7 50. Rc4 Rb7 51. Rf4 Nh3 52. Rh4 Nf2 53. Rf4 Nh3 0-1

[Event "TUR-chT 2nd League"]
[Site "Konya"]
[Date "2017.07.18"]
[Round "3.6"]
[White "Bulbul, Huseyin Doruk"]
[Black "Erkole, Melih Naci"]
[Result "0-1"]
[WhiteElo "1255"]
[BlackElo "1619"]
[PlyCount "98"]
[EventDate "2017.07.17"]
[EventType "team-swiss"]
[EventRounds "9"]
[EventCountry "TUR"]
[SourceTitle "CBM 179 Extra"]
[Source "ChessBase"]
[SourceDate "2017.08.23"]
[SourceVersion "1"]
[SourceVersionDate "2017.08.23"]
[SourceQuality "1"]
[WhiteTeam "Burdur Serenler"]
[BlackTeam "Bursa Nida"]
[WhiteTeamCountry "TUR"]
[BlackTeamCountry "TUR"]

1. e4 c5 2. Nf3 e6 3. d4 cxd4 4. Nxd4 Nf6 5. Nc3 Nc6 6. Bc4 Bb4 7. Ndb5 Nxe4 8. Qf3 Nxc3 9. bxc3 a6 10. Bd3 axb5 11. cxb4 Nxb4 12. Bb2 Nxd3+ 13. Qxd3 Qa5+ 14. Bc3 Qa3 15. Qd4 f6 16. Kd2 Ra4 17. Qb6 Ra6 18. Qxb5 Rd6+ 19. Ke2 Qxc3 20. Rhe1 Qxc2+ 21. Kf1 Qd3+ 22. Qxd3 Rxd3 23. Rac1 Ke7 24. Rc2 Rd6 25. Rb1 Rc6 26. Rcb2 b5 27. Ke1 Ba6 28. Kd2 d5 29. Rb4 Rhc8 30. R1b2 Rc4 31. R4b3 e5 32. f3 f5 33. Re3 Kd6 34. Ra3 R8c6 35. g3 d4 36. h3 e4 37. fxe4 fxe4 38. Rab3 Kd5 39. a3 e3+ 40. Ke2 Ke4 41. Kf1 d3 42. g4 Kf3 43. Kg1 Kg3 44. Rg2+ Kxh3 45. Rh2+ Kxg4 46. Rg2+ Kf3 47. Rb4 Rc1+ 48. Kh2 Rh6+ 49. Rh4 Rxh4# 0-1